|
|
|
|
| LEADER |
01929nam a2200493 i 4500 |
| 001 |
33757 |
| 003 |
BD-DhAAL |
| 005 |
20230525150438.0 |
| 008 |
180916t2012 enk b 001 0 eng c |
| 010 |
|
|
|a 2011021920
|
| 015 |
|
|
|a GBB193983
|2 bnb
|
| 016 |
7 |
|
|a 015864469
|2 Uk
|
| 020 |
|
|
|a 9780415558693
|
| 020 |
|
|
|a 0415558697
|
| 020 |
|
|
|a 9780415834339
|
| 020 |
|
|
|a 0415834333
|
| 020 |
|
|
|z 9780203720714
|
| 024 |
8 |
|
|a 40020498775
|
| 035 |
|
|
|a (OCoLC)ocn729064964
|
| 040 |
|
|
|a DLC
|b eng
|e rda
|c DLC
|d YDX
|d CDX
|d YDXCP
|d UKMGB
|d OXF
|d BWX
|d COO
|d YUS
|d STF
|d PUL
|d OCLCF
|d OCLCQ
|d OCLCO
|d CDN
|d OCLCA
|d S3O
|d NYP
|d DLC
|d BD-DhAAL
|
| 041 |
1 |
|
|a eng
|
| 042 |
|
|
|a pcc
|
| 050 |
0 |
0 |
|a B2430.M3763
|b P4713 2012
|
| 082 |
0 |
0 |
|a 142.7
|2 23
|
| 100 |
1 |
|
|a Merleau-Ponty, Maurice,
|d 1908-1961.
|9 28171
|
| 240 |
1 |
0 |
|a Phénoménologie de la perception.
|l English
|
| 245 |
1 |
0 |
|a Phenomenology of perception /
|c Maurice Merleau-Ponty ; translated by Donald A. Landes.
|
| 260 |
|
|
|a Abingdon, Oxon ;
|a New York :
|b Routledge,
|c 2012.
|
| 300 |
|
|
|a lxxxv, 606 pages ;
|c 24 cm
|
| 504 |
|
|
|a Includes bibliographical references and index.
|
| 505 |
0 |
|
|a Introduction: classical prejudices and the return to phenomena -- The body -- The perceived world -- Being-for-itself and being-in-the-world.
|
| 526 |
|
|
|a ARC
|
| 541 |
|
|
|a Trim Education
|e 33757
|
| 650 |
|
0 |
|a Phenomenology.
|9 28172
|
| 650 |
|
0 |
|a Perception (Philosophy)
|9 28173
|
| 650 |
|
7 |
|a Perception (Philosophy)
|2 fast
|9 28173
|
| 650 |
|
7 |
|a Phenomenology.
|2 fast
|9 28172
|
| 650 |
|
7 |
|a Fenomenologi.
|2 sao
|9 28174
|
| 650 |
|
7 |
|a Perception (filosofi)
|2 sao
|9 28175
|
| 700 |
1 |
|
|a Landes, Donald A.
|9 28176
|
| 852 |
|
|
|a Ayesha Abed Library
|c General Stacks
|
| 942 |
|
|
|2 ddc
|c BK
|
| 999 |
|
|
|c 39534
|d 39534
|
| 952 |
|
|
|0 0
|1 0
|2 ddc
|4 0
|6 142_700000000000000_MER
|7 0
|9 64330
|a BRACUL
|b BRACUL
|c GEN
|d 2018-09-09
|e Trim Education
|g 1620.00
|l 3
|m 37
|o 142.7 MER
|p 3010033757
|r 2025-10-28
|s 2025-10-07
|t 1
|v 1620.00
|w 2018-09-09
|y BK
|